Uruguay round results and the emerging trade agenda : Quantative-based analyses from the development perspective
Gardado en:
| Formato: | Libro |
|---|---|
| Idioma: | Undetermined |
| Publicado: |
New York
United Nation
1998
|
| Những chủ đề: | |
| Các nhãn: |
Engadir etiqueta
Sen Etiquetas, Sexa o primeiro en etiquetar este rexistro!
|
| Thư viện lưu trữ: | Trung tâm Học liệu Trường Đại học Cần Thơ |
|---|
| LEADER | 00612nam a2200193Ia 4500 | ||
|---|---|---|---|
| 001 | CTU_61563 | ||
| 008 | 210402s9999 xx 000 0 und d | ||
| 082 | |a 338.9895 | ||
| 082 | |b U72 | ||
| 245 | 0 | |a Uruguay round results and the emerging trade agenda : | |
| 245 | 0 | |b Quantative-based analyses from the development perspective | |
| 245 | 0 | |c Edited by Harmon Thomas and John Whalley | |
| 260 | |a New York | ||
| 260 | |b United Nation | ||
| 260 | |c 1998 | ||
| 650 | |a Uruguay | ||
| 650 | |x Developing countries,Economic aspects | ||
| 904 | |i Minh,Hải | ||
| 980 | |a Trung tâm Học liệu Trường Đại học Cần Thơ | ||